000 00518nam a2200193Ia 4500
008 101110s9999 xx 000 0 und d
041 _aENGLISH
082 _bSR22648
_a891.46009
100 _aGumaste P.D., Pai N.R.
245 _aConcepts in Drugs and Dyes ( T.Y.B.Sc.)
365 _b90
520 _aChemistry
546 _aENGLISH
630 _aConcepts in Drugs and Dyes ( T.Y.B.Sc.)
650 _aChemistry
655 _aChemistry
730 _aConcepts in Drugs and Dyes ( T.Y.B.Sc.)
942 _cBOOK
999 _c815393
_d815390